000 00426nam a2200133Ia 4500
008 210430s9999 xx 000 0 und d
020 _a9781569904473
082 _a668.41 W848P
100 _aWolf, Rory A.
_954870
245 _aPlastic surface modification: surface treatment and adhesion /
_cWolf, Rory A.
260 _aMunich [Germany] ; | Cincinnati [Ohio] :
_bHanser,
_c2010
300 _aix, 181 p. :
942 _cREF
_2ddc
999 _c565755
_d565755